000 00667nam a22002297a 4500
003 UA-OsUOA
001 40741
007 ta
008 20060830b un ||||| |||| 00| 0 ukr d
090 _a94(477)
942 _cBK
040 _aUA-OsUOA
_bukr
_cUA-OsUOA
_dUA-OsUOA
245 _aНекоторые вопросы социально-экономической истории Украинской ССР
300 _a192 с.
955 _a2
041 _aukr
080 _a94(477)
260 _aДніпропетровськ
_c1973
250 _nВипуск 4
650 7 _a9 Географія. Біографії. Історія
_2UDC
999 _c326879
_d326879